000
00253nam a2200097Ia 4500
001
726596
005
20250826163432.0
008
250824s9999 xx 000 0 und d
245
0
_a
KAĞIT TOPLAYAN PROFESÖR
_c
MEHMET FİDAN
260
_b
ATLIKARINCA YAYINLARI
999
_c
726596
_d
726596